000 00550nam a2200181 4500
001 113764
003 ES-MaACL
007 t|
008 061121s1974 sp r ||||1| spa d
100 1 _aNoiray, André.
_985900
245 1 3 _aLa filosofía, las ideas, las obras, los hombres /
_cAndré Noiray.
260 _aBilbao :
_bMensajero,
_c1974.
300 _a550 p. :
_bil. ;
_c23 cm.
490 1 _aDiccionario del saber moderno
830 0 _aDiccionario del saber moderno
_9233216
852 _aES-MaACL
_jE-6040
_bR.90540
999 _c113764
_d113764